[Event "Online Olym Div2 C 2021"]
[Site "chess.com INT"]
[Date "2021.09.02"]
[Round "3.1"]
[Board "3"]
[White "Dolzhikova, Olga"]
[Black "Tarasenka, Aliaksandra"]
[Result "1-0"]
[WhiteTitle "WGM"]
[BlackTitle "WFM"]
[WhiteElo "2187"]
[BlackElo "2124"]
[WhiteTeam "Norway"]
[BlackTeam "Belarus"]
[WhiteFideId "14105870"]
[BlackFideId "13514288"]
[EventDate "2021.09.02"]
[EventType "team"]

1. e4 e6 2. d4 d5 3. e5 c5 4. c3 Qb6 5. Nf3 Nc6 6. a3 c4 7. Nbd2 Na5 8. g3 Bd7
9. h4 O-O-O 10. Bh3 Kb8 11. O-O h6 12. h5 g5 13. Re1 Bg7 14. Nf1 Nb3 15. Rb1 Ne7
16. Ne3 Rdf8 17. Ng4 Nf5 18. Nf6 Bxf6 19. exf6 Nd6 20. Ne5 Ba4 21. Qf3 Qd8 22.
Be3 Na5 23. Re2 Ne4 24. Ng4 b6 25. Rbe1 Nb7 26. Bc1 Nbd6 27. Bg2 Bc6 28. Qe3
Nxf6 29. Nxf6 Qxf6 30. Qe5 Qxe5 31. dxe5 Nb7 32. f4 gxf4 33. Bxf4 Nc5 34. Rf1
Nd3 35. Bf3 Rfg8 36. Kh2 Kb7 37. Rg2 f6 38. exf6 e5 39. Bc1 Rf8 40. Bg4 d4 41.
Re2 Nxc1 42. Rxc1 Rxf6 43. cxd4 exd4 44. Rxc4 d3 45. Rd2 Re8 46. Rd4 1-0

[Event "Online Olym Div2 C 2021"]
[Site "chess.com INT"]
[Date "2021.09.02"]
[Round "3.1"]
[Board "4"]
[White "Ilyuchyk, Yana"]
[Black "Rodsmoen, Maud"]
[Result "1-0"]
[WhiteTitle "WFM"]
[BlackTitle "WFM"]
[WhiteElo "2170"]
[BlackElo "1953"]
[WhiteTeam "Belarus"]
[BlackTeam "Norway"]
[WhiteFideId "13508407"]
[BlackFideId "1510550"]
[EventDate "2021.09.02"]
[EventType "team"]

1. e4 c5 2. Nf3 e6 3. d4 cxd4 4. Nxd4 Nc6 5. Nc3 Qc7 6. Be3 a6 7. Bd3 Nf6 8. O-O
Ne5 9. h3 Nxd3 10. Qxd3 Be7 11. f4 d6 12. Rae1 O-O 13. Bc1 b5 14. e5 dxe5 15.
fxe5 Nd7 16. Kh1 Bb7 17. Bf4 Nc5 18. Qg3 Rfd8 19. Nf3 b4 20. Nd1 Ne4 21. Rxe4
Bxe4 22. Ne3 Bg6 23. h4 h5 24. Bg5 Bxg5 25. Nxg5 Qc6 26. Rf4 a5 27. Nc4 Rd1+ 28.
Kh2 Qc5 29. Ne3 Rad8 30. Nxd1 Rxd1 31. Rf2 Qd4 32. c3 bxc3 33. bxc3 Qd5 34. Rb2
Kf8 35. Rb8+ Ke7 36. Qe3 Qc6 37. Qa7+ Rd7 38. Qxa5 Rb7 39. Qd8# 1-0

[Event "Online Olym Div2 C 2021"]
[Site "chess.com INT"]
[Date "2021.09.02"]
[Round "3.1"]
[Board "5"]
[White "Kvaloy, Aksel Bu"]
[Black "Zarubitski, Viachaslau"]
[Result "0-1"]
[BlackTitle "IM"]
[WhiteElo "2247"]
[BlackElo "2416"]
[WhiteTeam "Norway"]
[BlackTeam "Belarus"]
[WhiteFideId "1528815"]
[BlackFideId "13509373"]
[EventDate "2021.09.02"]
[EventType "team"]

1. e4 e5 2. Nf3 Nf6 3. d4 Nxe4 4. Bd3 Nc6 5. d5 Nf6 6. dxc6 e4 7. cxd7+ Bxd7 8.
Be2 exf3 9. Bxf3 c6 10. O-O Be7 11. Re1 O-O 12. Bf4 Re8 13. Nc3 Bf5 14. Ne4 Nxe4
15. Bxe4 Bb4 16. c3 Bxc3 17. bxc3 Bxe4 18. Qg4 Qf6 19. Qg3 Bd5 20. Be5 Qg6 21.
Bd4 Qxg3 22. hxg3 b6 23. a4 c5 24. Be3 Rac8 25. a5 h5 26. Reb1 Re6 27. Rb2 Bc4
28. axb6 axb6 29. Ra7 f6 30. Rd2 Bb5 31. Rb2 Be8 32. Ra6 Rcc6 33. Ra7 Rcd6 34.
Rb7 Bf7 35. Ra2 Rxe3 36. Raa7 Re1+ 37. Kh2 Rdd1 38. g4 h4 39. Rb8+ Kh7 40. g3
Rh1+ 41. Kg2 Bd5+ 42. f3 Rd2+ 43. Kxh1 Bxf3+ 44. Kg1 h3 45. Rxg7+ Kxg7 46. Rh8
Kxh8 0-1

[Event "Online Olym Div2 C 2021"]
[Site "chess.com INT"]
[Date "2021.09.02"]
[Round "3.1"]
[Board "6"]
[White "Poliakova, Varvara"]
[Black "Helliesen, Lykke-Merlot"]
[Result "1-0"]
[WhiteElo "1944"]
[BlackElo "1722"]
[WhiteTeam "Belarus"]
[BlackTeam "Norway"]
[WhiteFideId "13518313"]
[BlackFideId "1530950"]
[EventDate "2021.09.02"]
[EventType "team"]

1. e4 c5 2. Nf3 Nc6 3. d4 cxd4 4. Nxd4 Nf6 5. Nc3 e5 6. Ndb5 d6 7. Bg5 a6 8. Na3
b5 9. Nd5 Be7 10. Bxf6 Bxf6 11. c3 O-O 12. Nc2 Rb8 13. h4 g6 14. g3 Bg7 15. Bg2
f5 16. exf5 Bxf5 17. Nce3 Qd7 18. Nxf5 Qxf5 19. O-O Qd7 20. Qd2 Ne7 21. Rad1
Rbd8 22. Nb4 a5 23. Bd5+ Kh8 24. Nc2 Nf5 25. Qe2 Bf6 26. Qe4 Ne7 27. Ne3 Bg7 28.
Kg2 Bh6 29. Nc2 Rf6 30. Rd3 Rdf8 31. a4 bxa4 32. Na3 Nf5 33. Nc4 Bf4 34. Bc6 Qe6
35. Bd5 Qd7 36. Nb6 Nxh4+ 37. gxh4 Qg4+ 38. Rg3 Qxh4 39. Rh1 Bxg3 40. Rxh4 Bxh4
41. Qxh4 Rf4 42. Qg3 Kg7 43. f3 h5 44. Nc4 Kh6 45. Be4 R4f6 46. Ne3 Rb8 47. Qf2
Rb6 48. Nd5 Rxb2 49. Qxb2 Rf8 50. Qd2+ Kh7 51. Qg5 Rg8 52. Nf6+ 1-0

[Event "Online Olym Div2 C 2021"]
[Site "chess.com INT"]
[Date "2021.09.02"]
[Round "3.2"]
[Board "1"]
[White "Mapuranga, Vitalis"]
[Black "Liyanage, Ranindu Dilshan"]
[Result "0-1"]
[BlackTitle "CM"]
[WhiteElo "2008"]
[BlackElo "2197"]
[WhiteTeam "Zimbabwe"]
[BlackTeam "Sri Lanka"]
[WhiteFideId "11004380"]
[BlackFideId "9915834"]
[EventDate "2021.09.02"]
[EventType "team"]

1. d4 Nf6 2. Bf4 e6 3. e3 d5 4. Nf3 c5 5. c3 Nc6 6. Nbd2 Nh5 7. Bg5 f6 8. Bh4 g6
9. Bd3 Bd6 10. O-O O-O 11. dxc5 Bxc5 12. e4 Nf4 13. Bc2 Be7 14. exd5 Nxd5 15.
Re1 e5 16. Bb3 Be6 17. Nd4 Bf7 18. Nxc6 bxc6 19. Nc4 Qc7 20. Qc2 Rfe8 21. Rad1
Rad8 22. f3 Kg7 23. Bf2 Be6 24. Kh1 Bf5 25. Qc1 Nf4 26. Bg3 Bc5 27. Bxf4 exf4
28. Rxd8 Qxd8 29. Rxe8 Qxe8 30. Qd1 g5 31. h3 h5 32. Kh2 g4 33. fxg4 hxg4 34. g3
fxg3+ 35. Kxg3 Qb8+ 36. Kh4 Bf2+ 0-1

[Event "Online Olym Div2 C 2021"]
[Site "chess.com INT"]
[Date "2021.09.02"]
[Round "3.2"]
[Board "3"]
[White "Charinda, Kudzanayi"]
[Black "Premanath, Dinushki"]
[Result "1/2-1/2"]
[WhiteTitle "WCM"]
[BlackTitle "WFM"]
[WhiteElo "1728"]
[BlackElo "1793"]
[WhiteTeam "Zimbabwe"]
[BlackTeam "Sri Lanka"]
[WhiteFideId "11000538"]
[BlackFideId "9903542"]
[EventDate "2021.09.02"]
[EventType "team"]

1. e4 c5 2. Nf3 e6 3. d4 cxd4 4. Nxd4 a6 5. Nc3 Qc7 6. Bd3 Nf6 7. O-O Nc6 8.
Nde2 Be7 9. Be3 b5 10. Ng3 Bb7 11. f4 d6 12. f5 O-O 13. Bg5 Ne5 14. Bxf6 Bxf6
15. Nh5 Qd8 16. Nxf6+ Qxf6 17. a3 Qg5 18. Qc1 Qxc1 19. Raxc1 Rac8 20. fxe6 fxe6
21. Rxf8+ Rxf8 22. Rf1 Rxf1+ 23. Kxf1 Kf7 24. Ke2 Kf6 25. h3 Kg5 26. Ke3 Ng6 27.
g3 Kf6 28. Ne2 Ne5 29. Nf4 g5 30. Ne2 h6 31. Nd4 Ke7 32. Ne2 Kd7 33. Nd4 d5 34.
exd5 Bxd5 35. h4 Kd6 36. Be2 Ke7 37. c3 1/2-1/2

[Event "Online Olym Div2 C 2021"]
[Site "chess.com INT"]
[Date "2021.09.02"]
[Round "3.2"]
[Board "5"]
[White "Moyo Blessing"]
[Black "De Silva, L M S T"]
[Result "1-0"]
[BlackTitle "FM"]
[WhiteElo "1804"]
[BlackElo "2085"]
[WhiteTeam "Zimbabwe"]
[BlackTeam "Sri Lanka"]
[WhiteFideId "11010673"]
[BlackFideId "9953698"]
[EventDate "2021.09.02"]
[EventType "team"]

1. e4 e5 2. Nf3 Nc6 3. Bb5 a6 4. Ba4 Nf6 5. O-O Be7 6. Re1 b5 7. Bb3 d6 8. c3
O-O 9. h3 Na5 10. Bc2 c5 11. d4 Nd7 12. Nbd2 exd4 13. cxd4 Nc6 14. dxc5 Nxc5 15.
Nf1 Be6 16. Bf4 Rc8 17. Qd2 Qa5 18. Qxa5 Nxa5 19. Ne3 Ncb7 20. Nd4 Bf6 21. Red1
Rfd8 22. b3 Nc6 23. Nxc6 Rxc6 24. Rab1 Rdc8 25. Bd3 Rc3 26. Nd5 Bxd5 27. exd5 g6
28. Rbc1 Kg7 29. Bd2 R3c5 30. b4 R5c7 31. a4 bxa4 32. Bxa6 Bb2 33. Rc6 Nd8 34.
Bxc8 Nxc6 35. dxc6 Rxc8 36. b5 a3 37. Bc1 Ra8 38. b6 Be5 39. b7 Re8 40. Bxa3 d5
41. Rxd5 Bc7 42. Bb2+ Kh6 43. g3 Re6 44. Bc1+ Kg7 45. Bf4 1-0

[Event "Online Olym Div2 C 2021"]
[Site "chess.com INT"]
[Date "2021.09.02"]
[Round "3.2"]
[Board "6"]
[White "Sanudula, K M Dahamdi"]
[Black "Muyambiri, Edith"]
[Result "1-0"]
[WhiteTitle "WCM"]
[WhiteElo "1717"]
[BlackElo "1265"]
[WhiteTeam "Sri Lanka"]
[BlackTeam "Zimbabwe"]
[WhiteFideId "9932470"]
[BlackFideId "11005980"]
[EventDate "2021.09.02"]
[EventType "team"]

1. d4 Nf6 2. e3 e6 3. Bd3 d5 4. Nd2 c5 5. c3 Be7 6. f4 Nc6 7. Ngf3 Bd7 8. O-O
O-O 9. Ne5 c4 10. Bc2 Rc8 11. Rf3 Ne8 12. Bxh7+ Kxh7 13. Rh3+ Bh4 14. Qh5+ Kg8
15. Rxh4 Qxh4 16. Qxh4 Nxe5 17. fxe5 f6 18. Nf3 Kf7 19. Bd2 Ke7 20. exf6+ Nxf6
21. Ne5 Ke8 22. Qg5 Ne4 23. Qg6+ Kd8 24. Qxg7 1-0

[Event "Online Olym Div2 C 2021"]
[Site "chess.com INT"]
[Date "2021.09.02"]
[Round "3.3"]
[Board "1"]
[White "Rocha, Sergio"]
[Black "Aagaard, Jacob"]
[Result "0-1"]
[WhiteTitle "IM"]
[BlackTitle "GM"]
[WhiteElo "2344"]
[BlackElo "2477"]
[WhiteTeam "Portugal"]
[BlackTeam "Scotland"]
[WhiteFideId "1900404"]
[BlackFideId "1401815"]
[EventDate "2021.09.02"]
[EventType "team"]

1. Nf3 d5 2. b3 Nf6 3. Bb2 c5 4. g3 Nc6 5. Bg2 Qc7 6. O-O e5 7. d3 Bd6 8. Nc3 a6
9. e4 d4 10. Ne2 O-O 11. Nh4 Re8 12. Bc1 b5 13. Bg5 Nd7 14. Nf5 Bf8 15. g4 c4
16. Neg3 f6 17. Bd2 Nc5 18. Qf3 a5 19. Rfd1 c3 20. Bc1 a4 21. bxa4 Rxa4 22. g5
fxg5 23. Bxg5 Nb4 24. Qe2 Nxa2 25. Rdb1 Ne6 26. Qg4 Nxg5 27. Qxg5 Nb4 28. Nh5
Re6 29. Kh1 Rg6 30. Qc1 Qf7 31. Nhg3 Na2 32. Qd1 b4 33. Bf3 Rb6 34. Bg4 b3 35.
cxb3 Ra8 36. Qe2 Rba6 37. Kg2 g6 38. Nh4 Bxg4 39. Qxg4 Nb4 40. Rxa6 Rxa6 41.
Ngf5 Kh8 42. Ng3 Nxd3 43. Nf3 c2 44. Rf1 Rf6 45. Ng5 Rxf2+ 46. Kh3 Rxf1 47.
Nxf7+ Rxf7 48. Qe6 Nf4+ 0-1

[Event "Online Olym Div2 C 2021"]
[Site "chess.com INT"]
[Date "2021.09.02"]
[Round "3.3"]
[Board "2"]
[White "Greet, Andrew N"]
[Black "Fidalgo, Andre Neves"]
[Result "1-0"]
[WhiteTitle "IM"]
[WhiteElo "2401"]
[BlackElo "2263"]
[WhiteTeam "Scotland"]
[BlackTeam "Portugal"]
[WhiteFideId "405817"]
[BlackFideId "1933620"]
[EventDate "2021.09.02"]
[EventType "team"]

1. e4 c5 2. Nc3 g6 3. d4 cxd4 4. Qxd4 Nf6 5. Be3 Nc6 6. Qd2 Bg7 7. O-O-O Ng4 8.
Bf4 Qb6 9. f3 Nge5 10. Nd5 Qd8 11. Bh6 O-O 12. Bxg7 Kxg7 13. Qc3 Kg8 14. h4 h5
15. g4 hxg4 16. f4 Nf3 17. Nxf3 gxf3 18. Bc4 b5 19. Bb3 b4 20. Qxf3 e6 21. Ne3
Qf6 22. Ng4 Qg7 23. h5 Nd4 24. Qe3 Nxb3+ 25. axb3 f5 26. h6 Qh7 27. Ne5 Kh8 28.
Qd4 Kg8 29. Nxg6 Qxg6 30. Rdg1 1-0

[Event "Online Olym Div2 C 2021"]
[Site "chess.com INT"]
[Date "2021.09.02"]
[Round "3.3"]
[Board "3"]
[White "Jorge, Rita Maria Osorio"]
[Black "Cooke, Suzie G."]
[Result "1/2-1/2"]
[WhiteTitle "WFM"]
[BlackTitle "WFM"]
[WhiteElo "1961"]
[BlackElo "1915"]
[WhiteTeam "Portugal"]
[BlackTeam "Scotland"]
[WhiteFideId "1923161"]
[BlackFideId "414930"]
[EventDate "2021.09.02"]
[EventType "team"]

1. e4 e6 2. d4 d5 3. Nd2 Nf6 4. e5 Nfd7 5. Bd3 c5 6. c3 Nc6 7. Ne2 cxd4 8. cxd4
f6 9. exf6 Nxf6 10. Nf3 Bd6 11. O-O O-O 12. Bg5 Bd7 13. Rc1 Be8 14. Nf4 Bxf4 15.
Bxf4 Ne4 16. Bg3 Nxg3 17. hxg3 Bh5 18. Be2 Qf6 19. Ne5 Bxe2 20. Qxe2 Nxd4 21.
Qe3 Nf5 22. Qe2 Qe7 23. Rc3 Rac8 24. Rfc1 Rxc3 25. Rxc3 a6 26. Qc2 Nd4 27. Qd1
Nb5 28. Rc2 Nd6 29. Qc1 Ne4 1/2-1/2

[Event "Online Olym Div2 C 2021"]
[Site "chess.com INT"]
[Date "2021.09.02"]
[Round "3.3"]
[Board "4"]
[White "Roy, Ali"]
[Black "Monteiro, Sara Cristina da Silva"]
[Result "1-0"]
[BlackTitle "WCM"]
[WhiteElo "1878"]
[BlackElo "1662"]
[WhiteTeam "Scotland"]
[BlackTeam "Portugal"]
[WhiteFideId "2400456"]
[BlackFideId "1909860"]
[EventDate "2021.09.02"]
[EventType "team"]

1. Nf3 b6 2. g3 Bb7 3. Bg2 c5 4. O-O Nf6 5. c4 e6 6. Nc3 Be7 7. b3 d5 8. cxd5
exd5 9. d4 O-O 10. Bb2 Ne4 11. Rc1 Nc6 12. dxc5 Nxc3 13. Bxc3 Bxc5 14. Nd4 Ne7
15. Qd2 Ng6 16. Rfd1 Qd7 17. b4 Be7 18. Nb3 Rfd8 19. e4 Qb5 20. Nd4 Qa4 21. Nf5
Bf6 22. Bxf6 gxf6 23. Qh6 1-0

[Event "Online Olym Div2 C 2021"]
[Site "chess.com INT"]
[Date "2021.09.02"]
[Round "3.3"]
[Board "5"]
[White "Silva, Pedro Gil Ferreira Da"]
[Black "Gordon, Frederick"]
[Result "1/2-1/2"]
[WhiteElo "2154"]
[BlackElo "1456"]
[WhiteTeam "Portugal"]
[BlackTeam "Scotland"]
[WhiteFideId "1946102"]
[BlackFideId "2409143"]
[EventDate "2021.09.02"]
[EventType "team"]

1. e4 c5 2. Nf3 g6 3. d4 cxd4 4. Nxd4 Nc6 5. c4 Nf6 6. Nc3 Nxd4 7. Qxd4 d6 8.
Bg5 Bg7 9. Qd2 O-O 10. Be2 a5 11. O-O a4 12. Rad1 Be6 13. e5 dxe5 14. Qxd8 Rfxd8
15. Rxd8+ Rxd8 16. Nxa4 Ne4 17. Bxe7 Ra8 18. b3 Bd7 19. Bd3 Bc6 20. Bxe4 Bxe4
21. Nc3 Bd3 22. Re1 f5 23. a3 e4 24. Nb5 Bc2 25. b4 Bd3 26. Nd6 Rxa3 27. Nxb7
Ra7 28. Nc5 Bxc4 29. Bd6 Bc3 30. Rc1 Bb5 31. Nb3 Bg7 32. h4 Rd7 33. Bf4 Bf6 34.
Nc5 Rd4 35. Ne6 Rxb4 36. Rc8+ Kf7 37. Ng5+ Bxg5 38. hxg5 Rd4 39. Rc7+ Rd7 40.
Rc5 Bd3 41. Rc8 1/2-1/2

[Event "Online Olym Div2 C 2021"]
[Site "chess.com INT"]
[Date "2021.09.02"]
[Round "3.4"]
[Board "1"]
[White "Rodshtein, Maxim"]
[Black "Kalezic, Blazo"]
[Result "1/2-1/2"]
[WhiteTitle "GM"]
[BlackTitle "IM"]
[WhiteElo "2599"]
[BlackElo "2434"]
[WhiteTeam "Israel"]
[BlackTeam "Montenegro"]
[WhiteFideId "2806851"]
[BlackFideId "921815"]
[EventDate "2021.09.02"]
[EventType "team"]

1. c4 e5 2. g3 Nc6 3. Bg2 Bc5 4. Nc3 a6 5. e3 d6 6. Nge2 Ba7 7. a3 h5 8. h3 h4
9. g4 f5 10. gxf5 Bxf5 11. d3 Nf6 12. b4 Qd7 13. Bb2 O-O 14. Qd2 Rae8 15. Nd5
Nd8 16. Nxf6+ Rxf6 17. d4 Nf7 18. O-O-O c6 1/2-1/2

[Event "Online Olym Div2 C 2021"]
[Site "chess.com INT"]
[Date "2021.09.02"]
[Round "3.4"]
[Board "2"]
[White "Tomic, Aleksandar"]
[Black "Roiz, Michael"]
[Result "0-1"]
[WhiteTitle "FM"]
[BlackTitle "GM"]
[WhiteElo "2327"]
[BlackElo "2580"]
[WhiteTeam "Montenegro"]
[BlackTeam "Israel"]
[WhiteFideId "16501799"]
[BlackFideId "2804158"]
[EventDate "2021.09.02"]
[EventType "team"]

1. d4 Nf6 2. c4 e6 3. Nf3 d5 4. Nc3 Bb4 5. Qa4+ Nc6 6. e3 O-O 7. Bd2 Re8 8. a3
Bf8 9. Qc2 a6 10. Rd1 b6 11. Bd3 Bb7 12. O-O Rc8 13. Rfe1 h6 14. Bc1 Na5 15. Ne5
Bd6 0-1

[Event "Online Olym Div2 C 2021"]
[Site "chess.com INT"]
[Date "2021.09.02"]
[Round "3.4"]
[Board "3"]
[White "Klinova, Masha"]
[Black "Milovic, Aleksandra"]
[Result "1-0"]
[WhiteTitle "IM"]
[BlackTitle "WIM"]
[WhiteElo "2263"]
[BlackElo "2129"]
[WhiteTeam "Israel"]
[BlackTeam "Montenegro"]
[WhiteFideId "2802015"]
[BlackFideId "933988"]
[EventDate "2021.09.02"]
[EventType "team"]

1. e4 c5 2. Nf3 e6 3. c4 Nc6 4. Nc3 d6 5. Be2 Nf6 6. d4 cxd4 7. Nxd4 Be7 8. Be3
O-O 9. O-O a6 10. f3 Qc7 11. Qd2 b6 12. Rfc1 Bb7 13. Nd5 Qd8 14. Nxc6 Bxc6 15.
Bxb6 Qd7 16. Nxe7+ Qxe7 17. Bd4 Nd7 18. b4 Rfb8 19. a3 Nf8 20. Rd1 Rb7 21. Rac1
Ba4 22. Re1 e5 23. Be3 Ne6 24. c5 dxc5 25. Bxc5 Nxc5 26. Rxc5 Rd7 27. Qc3 Rd6
28. Qxe5 Qxe5 29. Rxe5 Rad8 30. Ra5 Bb5 31. Bxb5 axb5 32. Rxb5 g6 33. Re2 Ra8
34. Ra2 Rda6 35. Ra5 Rxa5 36. bxa5 Rxa5 37. Kf2 Kf8 38. Ke3 Ke7 39. a4 Kd6 40.
Kd4 f5 41. exf5 Rxf5 42. a5 Kc6 43. a6 Rf8 44. a7 Ra8 45. Ke5 1-0

[Event "Online Olym Div2 C 2021"]
[Site "chess.com INT"]
[Date "2021.09.02"]
[Round "3.4"]
[Board "4"]
[White "Koljevic, Nikolina"]
[Black "Gutmakher, Olga"]
[Result "1-0"]
[BlackTitle "WIM"]
[WhiteElo "1950"]
[BlackElo "2236"]
[WhiteTeam "Montenegro"]
[BlackTeam "Israel"]
[WhiteFideId "16503945"]
[BlackFideId "2807602"]
[EventDate "2021.09.02"]
[EventType "team"]

1. e4 c5 2. Nf3 a6 3. d4 cxd4 4. Nxd4 e5 5. Nb3 Nf6 6. Nc3 Bb4 7. Bd3 O-O 8. O-O
h6 9. f4 d6 10. Qf3 Nc6 11. h3 exf4 12. Bxf4 Ne5 13. Qf2 Bxc3 14. bxc3 Nfd7 15.
Qg3 Qf6 16. Nd4 Nc5 17. Rad1 b5 18. Nf3 Ncd7 19. Nd4 Nb6 20. Be3 Qg6 21. Qxg6
fxg6 22. Nxb5 axb5 23. Bxb6 Rxa2 24. Bc7 Nf7 25. Bxb5 Rxc2 26. Rf3 Ne5 27. Rxf8+
Kxf8 28. Bxd6+ Kf7 29. Bxe5 Ke6 30. Bd4 Bb7 31. Ba4 Rb2 32. Re1 g5 33. Bxg7 h5
34. Bd1 h4 35. Bg4+ Kf7 36. Bd4 Rc2 37. e5 Rxg2+ 38. Kf1 Rh2 39. e6+ Ke8 40.
Bh5+ Ke7 41. Bc5+ Kf6 42. e7 Bc6 43. Bd4+ Kf5 44. e8=Q Bxe8 45. Rxe8 Rxh3 46.
Re5+ Kf4 47. Re2 g4 48. Kg2 Rg3+ 49. Kf2 Rf3+ 50. Ke1 Rd3 51. Bg6 Rh3 52. Re4+
Kg5 53. Bh7 Rh1+ 54. Kf2 g3+ 55. Kf3 Rf1+ 56. Kg2 Rd1 57. Be3+ Kh5 58. Re5+ Kg4
59. Rg5# 1-0

[Event "Online Olym Div2 C 2021"]
[Site "chess.com INT"]
[Date "2021.09.02"]
[Round "3.4"]
[Board "5"]
[White "Parkhov, Yair"]
[Black "Miletic, Vuk"]
[Result "1-0"]
[WhiteTitle "IM"]
[WhiteElo "2434"]
[BlackElo "2249"]
[WhiteTeam "Israel"]
[BlackTeam "Montenegro"]
[WhiteFideId "2813408"]
[BlackFideId "16503406"]
[EventDate "2021.09.02"]
[EventType "team"]

1. e4 c5 2. Nf3 d6 3. d4 cxd4 4. Nxd4 Nf6 5. Nc3 g6 6. Be3 a6 7. f3 b5 8. Qd2
Bb7 9. g4 h6 10. h4 Nbd7 11. Rg1 Rc8 12. g5 hxg5 13. hxg5 Nh5 14. O-O-O Bg7 15.
Kb1 Ne5 16. f4 Nc4 17. Bxc4 Rxc4 18. f5 Qa8 19. Qd3 Be5 20. fxg6 fxg6 21. Nd5
Bxd5 22. exd5 Qxd5 23. Qxg6+ Qf7 24. Qe4 Rc8 25. Rgf1 Qc4 26. Qg6+ Kd7 27. Nf3
Bg7 28. Rf2 Qe6 29. Qd3 Ng3 30. Bd4 Bxd4 31. Nxd4 Qh3 32. Rf3 1-0

[Event "Online Olym Div2 C 2021"]
[Site "chess.com INT"]
[Date "2021.09.02"]
[Round "3.4"]
[Board "6"]
[White "Popovic, Mateja"]
[Black "Levitan, Ronit"]
[Result "0-1"]
[BlackTitle "WCM"]
[WhiteElo "1714"]
[BlackElo "2171"]
[WhiteTeam "Montenegro"]
[BlackTeam "Israel"]
[WhiteFideId "16504518"]
[BlackFideId "2815109"]
[EventDate "2021.09.02"]
[EventType "team"]

1. d4 Nf6 2. Nf3 d5 3. c4 e6 4. Nc3 Be7 5. Bg5 O-O 6. e3 b6 7. cxd5 exd5 8. Bd3
Nbd7 9. O-O Bb7 10. a4 Ne4 11. Bxe7 Qxe7 12. Qc2 Ndf6 13. a5 c5 14. a6 Bc6 15.
Bb5 Bxb5 16. Nxb5 Rac8 17. Qd3 c4 18. Qc2 Nd6 19. Nc3 b5 20. b4 Rb8 21. Ne5 Rfc8
22. Rfb1 Nde4 23. Nxd5 Nxd5 24. Qxe4 Nc3 25. Qf3 Nxb1 26. Nc6 Rxc6 27. Qxc6 Qxb4 0-1

[Event "Online Olym Div2 C 2021"]
[Site "chess.com INT"]
[Date "2021.09.02"]
[Round "3.5"]
[Board "1"]
[White "Agrest, Evgenij"]
[Black "Ashiku, Franc"]
[Result "1-0"]
[WhiteTitle "GM"]
[BlackTitle "IM"]
[WhiteElo "2568"]
[BlackElo "2421"]
[WhiteTeam "Sweden"]
[BlackTeam "Albania"]
[WhiteFideId "1705024"]
[BlackFideId "4700066"]
[EventDate "2021.09.02"]
[EventType "team"]

1. c4 Nf6 2. Nf3 g6 3. Nc3 Bg7 4. d4 d6 5. Bg5 Bf5 6. Nd2 c6 7. e4 Bc8 8. h3 O-O
9. Be2 e5 10. d5 h6 11. Be3 c5 12. g4 Na6 13. h4 Nd7 14. Nf1 Nc7 15. Ng3 a6 16.
Qd2 Kh7 17. a3 b5 18. h5 g5 19. cxb5 axb5 20. Nxb5 Nxb5 21. Bxb5 Nb6 22. f3 Ba6
23. Bxa6 Rxa6 24. b3 Qa8 25. Qc1 Rb8 26. O-O Nd7 27. Qb2 Qb7 28. Rfb1 Rb6 29. b4
Rb5 30. Kg2 Ra8 31. Qc1 cxb4 32. axb4 Rxa1 33. Rxa1 Rxb4 34. Ra7 Qb5 35. Qc6 Qd3
36. Qxd7 Qxe3 37. Qf5+ Kg8 38. Qxf7+ 1-0

[Event "Online Olym Div2 C 2021"]
[Site "chess.com INT"]
[Date "2021.09.02"]
[Round "3.5"]
[Board "2"]
[White "Pasko, Llambi"]
[Black "Blomqvist, Erik"]
[Result "1/2-1/2"]
[WhiteTitle "IM"]
[BlackTitle "GM"]
[WhiteElo "2411"]
[BlackElo "2536"]
[WhiteTeam "Albania"]
[BlackTeam "Sweden"]
[WhiteFideId "4701178"]
[BlackFideId "1709437"]
[EventDate "2021.09.02"]
[EventType "team"]

1. d4 Nf6 2. c4 e6 3. Nf3 Bb4+ 4. Bd2 a5 5. g3 d5 6. cxd5 exd5 7. Bg2 O-O 8. Nc3
Re8 9. O-O c6 10. Ne5 Be6 11. Nd3 Bf8 12. Qc2 Bf5 13. Rad1 Nbd7 14. Rfe1 h6 15.
f3 c5 16. e4 dxe4 17. fxe4 Bg4 18. Rc1 cxd4 19. Nb5 Rc8 20. Qxc8 Qxc8 21. Rxc8
Rxc8 22. e5 Bf5 23. Nf2 Ng4 24. Nxg4 Bxg4 25. h3 Rc2 26. Bxa5 Rxb2 27. Nxd4 Bc5
28. Bc3 Rc2 29. Ba1 Rxa2 30. Kh1 Bh5 31. e6 fxe6 32. Nxe6 Bf2 33. Rc1 Bxg3 34.
Nxg7 Bf7 35. Nf5 Bf4 36. Rc8+ Kh7 37. Bd4 Kg6 38. Be4 Kg5 39. Rd8 Be6 40. h4+
Kg4 41. Kg1 Bxf5 42. Rg8+ Bg5 43. hxg5 hxg5 44. Bxf5+ Kxf5 45. Be3 Ne5 46. Rxg5+
Ke4 47. Kf1 Nf3 48. Rb5 Ra1+ 49. Ke2 Ra2+ 50. Kf1 Nh2+ 51. Ke1 Nf3+ 52. Kd1 Kxe3
53. Rb3+ Ke4 54. Rxb7 Nd4 55. Rh7 Rf2 56. Rh3 Nf3 57. Kc1 Ne5 58. Kd1 Kd4 59.
Ra3 Nd3 60. Ra8 Rh2 61. Rd8+ Ke4 62. Re8+ Ne5 63. Ra8 Ke3 64. Re8 Kd4 65. Ra8
Nc4 66. Rg8 Kd3 67. Rd8+ Kc3 68. Rc8 Rg2 69. Rc7 Rd2+ 70. Ke1 Ra2 71. Rc8 Kd4
72. Rd8+ Ke4 73. Re8+ Ne5 74. Kd1 Kd3 75. Rd8+ Kc3 76. Rc8+ Nc4 77. Rc7 Rf2 78.
Rc8 Kd3 79. Rd8+ Kc3 80. Rc8 Kd3 81. Rd8+ Ke4 82. Re8+ Ne5 83. Re7 Rh2 84. Re8
Kd4 85. Ra8 Ke3 86. Re8 Kd4 1/2-1/2